The calligraphic art of Arthur Baker / (Record no. 27257)
[ view plain ]
| 000 -LEADER | |
|---|---|
| fixed length control field | 00836cam a2200253 a 4500 |
| 001 - CONTROL NUMBER | |
| control field | 444883 |
| 005 - DATE AND TIME OF LATEST TRANSACTION | |
| control field | 20170208084602.0 |
| 008 - FIXED-LENGTH DATA ELEMENTS--GENERAL INFORMATION | |
| fixed length control field | 821215s1983 nyua 000 0 eng |
| 010 ## - LIBRARY OF CONGRESS CONTROL NUMBER | |
| LC control number | 82042648 |
| 020 ## - INTERNATIONAL STANDARD BOOK NUMBER | |
| International Standard Book Number | 0684178370 : |
| Terms of availability | $9.95 |
| 040 ## - CATALOGING SOURCE | |
| Original cataloging agency | DLC |
| Transcribing agency | DLC |
| Modifying agency | DLC |
| 050 00 - LIBRARY OF CONGRESS CALL NUMBER | |
| Classification number | NK3631 |
| Item number | .B34A4 1983 |
| 100 1# - MAIN ENTRY--PERSONAL NAME | |
| Personal name | Baker, Arthur. |
| 245 14 - TITLE STATEMENT | |
| Title | The calligraphic art of Arthur Baker / |
| Statement of responsibility, etc. | with an introduction by William Hogarth. |
| 260 ## - PUBLICATION, DISTRIBUTION, ETC. (IMPRINT) | |
| Place of publication, distribution, etc. | New York : |
| Name of publisher, distributor, etc. | Scribner, |
| Date of publication, distribution, etc. | c1983. |
| 300 ## - PHYSICAL DESCRIPTION | |
| Extent | [64] p. : |
| Other physical details | chiefly ill. ; |
| Dimensions | 29 cm. |
| 600 10 - SUBJECT ADDED ENTRY--PERSONAL NAME | |
| Personal name | Baker, Arthur. |
| 650 #0 - SUBJECT ADDED ENTRY--TOPICAL TERM | |
| Topical term or geographic name as entry element | Calligraphy |
| General subdivision | Technique. |
| 650 #0 - SUBJECT ADDED ENTRY--TOPICAL TERM | |
| Topical term or geographic name as entry element | Art, Abstract. |
| 942 ## - ADDED ENTRY ELEMENTS (KOHA) | |
| Source of classification or shelving scheme | |
| Koha item type | Hard Covered Materials |
| Classification part | NK3631 .B34A4 1983 |
| Withdrawn status | Lost status | Source of classification or shelving scheme | Damaged status | Not for loan | Home library | Current library | Shelving location | Date acquired | Source of acquisition | Total Checkouts | Full call number | Barcode | Date last seen | Price effective from | Koha item type |
|---|---|---|---|---|---|---|---|---|---|---|---|---|---|---|---|
| MACHAKOS UNIVERSITY LIBRARY | MACHAKOS UNIVERSITY LIBRARY | Technical section | 08/02/2017 | Donation(BFA) | NK3631 .B34A4 1983 | 34990 | 31/07/2018 | 08/02/2017 | Hard Covered Materials |